| 000 | 00515nam a2200181Ia 4500 | ||
|---|---|---|---|
| 001 | 7867 | ||
| 005 | 20260306160527.0 | ||
| 008 | 260306t2005||||xx |||||||||||||| ||spa|| | ||
| 041 | _aESP | ||
| 082 |
_a363.3492 _bP87 |
||
| 100 |
_aPrograma de las Naciones Unidas para el Desarrollo _eAUT |
||
| 245 | 0 |
_aDe la emergencia al desarrollo: _bla gestión de riesgos climáticos con un enfoque de desarrollo sostenible |
|
| 260 | _c2005 | ||
| 300 |
_a _c |
||
| 650 | _aGEN | ||
| 654 | _aCIA | ||
| 942 |
_cLIB _dJUS _fJUS _2ddc _n |
||
| 999 |
_c7867 _d7867 |
||